Et si les SDF n'étaient pas des exclus ? : Essai ethnologique pour une définition positive (notice n° 1565903)
[ vue normale ]
| 000 -LEADER | |
|---|---|
| fixed length control field | 00938cam a2200133 4500500 |
| 005 - DATE AND TIME OF LATEST TRANSACTION | |
| control field | 20251130002921.0 |
| 041 ## - LANGUAGE CODE | |
| Language code of text/sound track or separate title | fre |
| 042 ## - AUTHENTICATION CODE | |
| Authentication code | dc |
| 100 10 - MAIN ENTRY--PERSONAL NAME | |
| Personal name | Rullac, Stéphane |
| Relator term | author |
| 245 00 - TITLE STATEMENT | |
| Title | Et si les SDF n'étaient pas des exclus ? : Essai ethnologique pour une définition positive |
| 260 ## - PUBLICATION, DISTRIBUTION, ETC. | |
| Name of publisher, distributor, etc. | L'Harmattan,<br/> |
| Date of publication, distribution, etc. | 2005.<br/> |
| 520 ## - SUMMARY, ETC. | |
| Summary, etc. | Cet ouvrage postule que les Sans Domicile Fixe (SDF) appartiennent à l’environnement culturel qui les entoure même s’ils se distinguent par des modes de vie spécifiques. Il ne s’agit pas de «tribaliser» les sans-logis mais de caractériser une composante de notre culture contemporaine qui participe à sa diversité. Cette enquête tente de définir positivement ceux qui sont trop souvent (dé)considérés en fonction de ce qu’ils ne partagent plus. |
| 856 41 - ELECTRONIC LOCATION AND ACCESS | |
| Uniform Resource Identifier | <a href="https://shs.cairn.info/et-si-les-sdf-netaient-pas-des-exclus--9782747578868?lang=fr&redirect-ssocas=7080">https://shs.cairn.info/et-si-les-sdf-netaient-pas-des-exclus--9782747578868?lang=fr&redirect-ssocas=7080</a> |
Pas d'exemplaire disponible.




Réseaux sociaux